| 000 | 01342nam a22003617a 4500 | ||
|---|---|---|---|
| 003 | CHAP | ||
| 005 | 20220329141612.0 | ||
| 008 | 971013s1978 r 00010 d | ||
| 010 | _a70839 | ||
| 011 | _a71811 | ||
| 035 | _a81365 | ||
| 040 | _cCHAP | ||
| 090 | _aTesis | ||
| 100 | 0 | 0 |
_aCalvillo Martínez, Ernesto Francisco. _917605 |
| 245 | _aEstudio de adaptación y rendimiento de ocho variedades de cacahuate (Arachis hypogea L.) comparando dos métodos de siembra en el municipio de Villa de Juárez, N. L. | ||
| 260 |
_aMonterrey, N. L. : _bEl autor, _c1978 |
||
| 300 | _a71 h. | ||
| 502 | _aTesis (Ing. Agr. Administrador) -- ITESM. Div. de Ciencias Agropecuarias y Marítimas | ||
| 590 |
_aALEPH _b10 _c20130110 _lUCH01 _h1410 |
||
| 590 |
_aBATCH-UPD _b10 _c20130110 _lUCH01 _h0003 |
||
| 590 |
_aBATCH-UPD _b10 _c20130110 _lUCH01 _h0453 |
||
| 590 |
_aBATCH-UPD _b10 _c20130409 _lUCH01 _h1938 |
||
| 590 |
_aBATCH-UPD _b10 _c20130410 _lUCH01 _h0130 |
||
| 590 |
_aBATCH-UPD _b10 _c20130914 _lUCH01 _h0802 |
||
| 590 |
_aCONVERSION _b10 _c20130109 _lUCH01 _h1339 |
||
| 650 | 1 | 4 |
_aCacahuate _xEfecto del medio ambiente. _916864 |
| 650 | 1 | 4 |
_aCacahuate _xNuevo León. _916892 |
| 650 | 1 | 4 |
_aCacahuate _xRendimiento. _916900 |
| 650 | 1 | 4 |
_aCacahuate _xVariedades. _916912 |
| 901 | _aBK | ||
| 942 | _cTESIS | ||
| 949 |
_bBC _cTES _d-34676 _eTS1 _i81365 _si |
||
| 999 |
_c70839 _d70839 |
||